Métodos y técnicas de teatro popular : revisión crítica, sistematización y propuesta /
Salvato in:
| Autore principale: | |
|---|---|
| Altri autori: | |
| Natura: | Libro |
| Lingua: | Spanish |
| Pubblicazione: |
Santiago, Chile
Centro de Indagación y Expresión Cultural y Artística, CENECA
1984
|
| Soggetti: | |
| Tags: |
Aggiungi Tag
Nessun Tag, puoi essere il primo ad aggiungerne!!
|
MARC
| LEADER | 00000nam a22000007a 4500 | ||
|---|---|---|---|
| 003 | cru CIDCACS/IIS | ||
| 005 | 20180716152103.0 | ||
| 008 | 180216b1984 cl |||||||||||||| ||spa|| | ||
| 999 | |c 41029 |d 41029 | ||
| 040 | |c cru CIDCACS/IIS | ||
| 090 | |a 05.05.03 O16m | ||
| 100 | 1 | |9 6669 |a Ochsenius, Carlos | |
| 245 | 1 | 0 | |a Métodos y técnicas de teatro popular : |b revisión crítica, sistematización y propuesta / |c Carlos Ochsenius, José Luis Olivari |
| 260 | |a Santiago, Chile |b Centro de Indagación y Expresión Cultural y Artística, CENECA |c 1984 | ||
| 300 | |a 87 páginas | ||
| 500 | |a Colección Alforja | ||
| 650 | 1 | 0 | |9 291 |a EDUCACION POPULAR |
| 650 | 1 | 0 | |9 1755 |a TEATRO |
| 650 | 1 | 0 | |9 624 |a CAMPESINADO |
| 650 | 1 | 0 | |9 292 |a CAPACITACION |
| 650 | 1 | 0 | |9 4344 |a DINAMICA DE GRUPOS |
| 650 | 1 | 0 | |9 4076 |a METODOS PEDAGOGICOS |
| 651 | 1 | 0 | |9 135 |a CHILE |
| 700 | 1 | |9 6670 |a Olivari, José Luis | |
| 942 | |2 ddc |c LI |h 05.05.03 O16m |6 05_050000000000000_03_O16M | ||
